000 00669nam a2200253Ia 4500
001 51881
005 20240114005243.0
007 ta
008 100205s2005 g b000 u 903 u
040 _aCotton College,Assam
041 _a903
082 _a121
_bHe 362 Es
100 _aSadler, Ted .
245 0 _aThe Essence of Truth On Plato`s Cave Allegory and Theaetetus /
_cMartin Heidegger.
_hTextual Documents
250 _aist ed /
260 _aNew York :
_bContinuum ,
_c2005.
300 _a253pg ;
_c17cm.
653 _aPhilosophy
653 _aTruth
653 _aG- Phlosophy
942 _2ddc
_cBK
999 _c51845
_d51845